000 00294nam a2200121 a 4500
005 20141022141959.0
008 120229s19uu xx 00 eng d
050 _aCD
_bW83 2007
100 _aWolsky, Tom
245 _aFinal cut express HD 3.5 /
_cTom Wolsky.
260 _c2007.
942 _cAVM
999 _c276161
_d276161